Principles Of Thermodynamics (Record no. 26706)

MARC details
000 -LEADER
fixed length control field 00337nam a22001457a 4500
003 - CONTROL NUMBER IDENTIFIER
control field OSt
005 - DATE AND TIME OF LATEST TRANSACTION
control field 20220112105811.0
008 - FIXED-LENGTH DATA ELEMENTS--GENERAL INFORMATION
fixed length control field 220112b |||||||| |||| 00| 0 eng d
020 ## - INTERNATIONAL STANDARD BOOK NUMBER
International Standard Book Number 0824706927
040 ## - CATALOGING SOURCE
Transcribing agency HU
082 ## - DEWEY DECIMAL CLASSIFICATION NUMBER
Classification number 541.369/KAU2002
100 ## - MAIN ENTRY--PERSONAL NAME
Personal name Kaufman
9 (RLIN) 26522
245 ## - TITLE STATEMENT
Title Principles Of Thermodynamics
942 ## - ADDED ENTRY ELEMENTS (KOHA)
Source of classification or shelving scheme Dewey Decimal Classification
Koha item type Books like text book referance book
Suppress in OPAC No
Holdings
Withdrawn status Lost status Source of classification or shelving scheme Damaged status Not for loan Home library Current library Shelving location Date acquired Total Checkouts Full call number Barcode Date last seen Copy number Price effective from Koha item type
    Dewey Decimal Classification     IoT Library IoT Library General Stacks 01/12/2022   541.369/KAU2002 IOTL0004814 01/12/2022 1 01/12/2022 Books like text book referance book
    Dewey Decimal Classification     IoT Library IoT Library General Stacks 01/12/2022   541.369/KAU2002 IOTL0004815 01/12/2022 2 01/12/2022 Books like text book referance book
    Dewey Decimal Classification     IoT Library IoT Library General Stacks 01/12/2022   541.369/KAU2002 IOTL0004816 01/12/2022 3 01/12/2022 Books like text book referance book
    Dewey Decimal Classification     IoT Library IoT Library General Stacks 01/12/2022   541.369/KAU2002 IOTL0004817 01/12/2022 4 01/12/2022 Books like text book referance book
    Dewey Decimal Classification     IoT Library IoT Library General Stacks 01/12/2022   541.369/KAU2002 IOTL0004818 01/12/2022 5 01/12/2022 Books like text book referance book
    Dewey Decimal Classification     IoT Library IoT Library General Stacks 01/12/2022   541.369/KAU2002 IOTL0004819 01/12/2022 6 01/12/2022 Books like text book referance book
    Dewey Decimal Classification     IoT Library IoT Library General Stacks 01/12/2022   541.369/KAU2002 IOTL0004820 01/12/2022 7 01/12/2022 Books like text book referance book
    Dewey Decimal Classification     IoT Library IoT Library General Stacks 01/12/2022   541.369/KAU2002 IOTL0004821 01/12/2022 8 01/12/2022 Books like text book referance book